Famous works of art Quiz Stats

 Plays Quiz not verified by Sporcle

Challenge
Share
Tweet
Embed
Score 0/46 Timer 10:00
0 Plays Today
% Correct
Warhol
90.7%
Munch
90.2%
Dali
89.3%
Monet
89.3%
Van Gogh
88.8%
Da Vinci
87.9%
Picasso
85%
Rodin
84.1%
Vermeer
84.1%
Hokusai
82.7%
Wood
80.4%
Michelangelo
79.9%
Seurat
73.8%
Hopper
72.4%
Rembrandt
69.2%
Gauguin
69.2%
Degas
68.7%
Van Eyck
66.8%
Bosch
66.8%
Boticelli
64.5%
Caravaggio
54.2%
Lichtenstein
53.3%
Kahlo
50.5%
% Correct
Constable
48.1%
Duchamp
47.2%
Gainsborough
46.3%
Escher
46.3%
Cezanne
42.5%
Hals
41.6%
Turner
40.7%
Holbein
39.7%
Bruegel
39.3%
Emin
38.8%
Klimpt
36.9%
Pollock
36%
Gormley
36%
Hirst
31.8%
Renoir
31.8%
Banksy
31.8%
Bacon
30.4%
Vettriano
30.4%
Magritte
29.9%
Velazquez
29.4%
Koons
29.4%
Fairey
28%
Mueck
19.6%

You're not logged in!

Compare scores with friends on all Sporcle quizzes.
Join for Free
OR
Log In

You Might Also Like...

Show Comments

Extras

Top Quizzes Today


Score Distribution

Your Account Isn't Verified!

In order to create a playlist on Sporcle, you need to verify the email address you used during registration. Go to your Sporcle Settings to finish the process.

Report this User

Report this user for behavior that violates our Community Guidelines.

Details: